[路線図付き] 東急電鉄 池上線 駅名穴埋めクイズ - Statistics

General Stats
  • This quiz has been taken 778 times
  • The average score is 11 of 15
Answers on the Map
Answers color-coded by a green-red scale on the quiz's map according to % correct below.
 
Answer Stats
Answer % Correct
池上線 IK01 五反田
98%
池上線 IK15 蒲田
94%
池上線 IK14 池上
87%
池上線 IK05 旗の台
85%
池上線 IK02 大崎広小路
81%
池上線 IK03 戸越銀座
79%
池上線 IK09 雪が谷大塚
79%
池上線 IK04 荏原中延
74%
池上線 IK07 洗足池
69%
池上線 IK10 御嶽山
66%
池上線 IK13 蓮沼
66%
池上線 IK08 石川台
62%
池上線 IK12 千鳥町
61%
池上線 IK11 久が原
60%
池上線 IK06 長原
59%
No matching quizzes found
Score Distribution
Percent of People with Each Score
Percentile by Number Answered
Your Score History
You have not taken this quiz